Decline in levels set to resume (Record no. 70636)
[ view plain ]
| 000 -LEADER | |
|---|---|
| fixed length control field | 00820cam a2200205 4500 |
| 001 - CONTROL NUMBER | |
| control field | WB3824-07 |
| 008 - FIXED-LENGTH DATA ELEMENTS--GENERAL INFORMATION | |
| fixed length control field | 020701n2002 000 0 eng u |
| 035 ## - SYSTEM CONTROL NUMBER | |
| System control number | (Sirsi) u118616 |
| 245 ## - TITLE STATEMENT | |
| Title | Decline in levels set to resume |
| 260 ## - PUBLICATION, DISTRIBUTION, ETC. | |
| Date of publication, distribution, etc. | 2002 |
| 490 ## - SERIES STATEMENT | |
| Series statement | Retail Week |
| Volume/sequential designation | 28 June 2002, 21(1) |
| 520 ## - SUMMARY, ETC. | |
| Summary, etc. | The decline in growth rates for UK retail warehouse rents has levelled out over the last quarter, although the slowdown is forecast to resume with the bottom of the cycle occuring between March and June 2003. Report by GVA Grimley staff includes regional variations for retail warehouse rental growth. |
| 590 ## - LOCAL NOTE (RLIN) | |
| Local note | WB |
| 650 ## - SUBJECT ADDED ENTRY--TOPICAL TERM | |
| Topical term or geographic name entry element | RETAIL PARKS |
| 650 ## - SUBJECT ADDED ENTRY--TOPICAL TERM | |
| Topical term or geographic name entry element | RETAIL WAREHOUSES |
| 650 ## - SUBJECT ADDED ENTRY--TOPICAL TERM | |
| Topical term or geographic name entry element | RENTAL VALUES |
| 650 ## - SUBJECT ADDED ENTRY--TOPICAL TERM | |
| Topical term or geographic name entry element | RENTAL GROWTH |
| 690 ## - LOCAL SUBJECT ADDED ENTRY--TOPICAL TERM (OCLC, RLIN) | |
| Topical term or geographic name as entry element | PROPERTY-COMMERCIAL PROPERTY-RETAIL PROPERTY |
| 942 ## - ADDED ENTRY ELEMENTS (KOHA) | |
| Suppress in OPAC | 0 |
| Withdrawn status | Lost status | Source of classification or shelving scheme | Damaged status | Not for loan | Home library | Current library | Shelving location | Date acquired | Total Checkouts | Full call number | Barcode | Date last seen | Copy number | Price effective from | Koha item type |
|---|---|---|---|---|---|---|---|---|---|---|---|---|---|---|---|
| Dewey Decimal Classification | London | London | News article | 01/07/2002 | WB3824-07 | 118616-1001 | 06/08/2019 | 1 | 06/08/2019 | News article |